[Event "Mecklenburg VP-ch U14"]
[Site "Malchow"]
[Date "2018.02.07"]
[Round "4.2"]
[White "Bress, Aaron"]
[Black "Kallweit, Paul"]
[Result "1-0"]
[WhiteElo "1623"]
[BlackElo "1604"]
[PlyCount "33"]
[EventDate "2018.02.07"]
[EventType "swiss"]
[EventRounds "7"]
[EventCountry "GER"]
[SourceTitle "EXT 2022"]
[Source "ChessBase"]
[SourceDate "2021.10.06"]
[SourceVersion "1"]
[SourceVersionDate "2021.10.06"]
[SourceQuality "1"]

1. e4 c5 2. Nf3 e6 3. d4 cxd4 4. Nxd4 a6 5. Bd3 Qc7 6. 0-0 Nc6 7. Nxc6 bxc6 8. Nc3 d5 9. f4 Bc5+ 10. Kh1 Ne7 11. Qf3 Ng6 12. f5 Ne5 13. Qg3 g6 14. Bf4 Bd6 15. exd5 cxd5 16. Rae1 Nc4 17. Nxd5 1-0

[Event "EU Union-ch U12 15th"]
[Site "Mureck"]
[Date "2017.08.08"]
[Round "7"]
[White "Poluektova, Arina"]
[Black "Bress, Aaron"]
[Result "1/2-1/2"]
[WhiteElo "1388"]
[BlackElo "1727"]
[PlyCount "74"]
[EventDate "2017.08.02"]
[EventType "swiss"]
[EventRounds "9"]
[EventCountry "AUT"]
[SourceTitle "CBM 180 Extra"]
[Source "ChessBase"]
[SourceDate "2017.10.06"]
[SourceVersion "1"]
[SourceVersionDate "2017.10.06"]
[SourceQuality "1"]

1. d4 Nf6 2. Nf3 g6 3. c3 Bg7 4. Bf4 d6 5. e3 0-0 6. Bd3 Nbd7 7. 0-0 Qe8 8. Bg3 e5 9. Bc2 Qe7 10. Re1 Re8 11. Na3 e4 12. Nd2 b6 13. Nb5 Nf8 14. Ba4 Bb7 15. c4 Ne6 16. Qc2 Red8 17. Bh4 g5 18. Bg3 h5 19. h3 c5 20. d5 Nf8 21. Nc3 Ba6 22. Ncxe4 Nxe4 23. Nxe4 Bxb2 24. Qxb2 Qxe4 25. Bb5 Bxb5 26. Qxb5 Ng6 27. Qb3 Ne5 28. Bxe5 Qxe5 29. Rac1 Re8 30. Qc3 Rab8 31. Qxe5 Rxe5 32. a4 Rbe8 33. Rc3 f5 34. Kf1 Kg7 35. Ke2 Kf6 36. Kf3 Re4 37. Ke2 f4 1/2-1/2

[Event "EU Union-ch U12 15th"]
[Site "Mureck"]
[Date "2017.08.06"]
[Round "5"]
[White "Kralj, Nika"]
[Black "Bress, Aaron"]
[Result "1-0"]
[WhiteElo "1651"]
[BlackElo "1727"]
[PlyCount "69"]
[EventDate "2017.08.02"]
[EventType "swiss"]
[EventRounds "9"]
[EventCountry "AUT"]
[SourceTitle "CBM 180 Extra"]
[Source "ChessBase"]
[SourceDate "2017.10.06"]
[SourceVersion "1"]
[SourceVersionDate "2017.10.06"]
[SourceQuality "1"]

1. e4 c5 2. Nf3 e6 3. d4 cxd4 4. Nxd4 Nf6 5. Nc3 Bb4 6. e5 Nd5 7. Bd2 Bxc3 8. bxc3 Qc7 9. f4 Nxc3 10. Qf3 Nd5 11. Nb5 Qd8 12. Qa3 Ne7 13. Bb4 Nbc6 14. Bd6 Qa5+ 15. Qxa5 Nxa5 16. Nc7+ Kd8 17. Nxa8 Nd5 18. Kd2 b6 19. c4 Nxf4 20. Nc7 Bb7 21. Rg1 h5 22. g3 Ng6 23. Nb5 a6 24. Nd4 h4 25. Kd3 hxg3 26. hxg3 Rh2 27. Be2 f6 28. exf6 gxf6 29. Nf3 Rh7 30. Rh1 Rxh1 31. Rxh1 Ne5+ 32. Bxe5 fxe5 33. Rh8+ Kc7 34. Nxe5 Kd6 35. Kd4 1-0

[Event "EU Union-ch U12 15th"]
[Site "Mureck"]
[Date "2017.08.03"]
[Round "2"]
[White "Rejniak, Zuzanna"]
[Black "Bress, Aaron"]
[Result "1/2-1/2"]
[WhiteElo "1650"]
[BlackElo "1727"]
[PlyCount "65"]
[EventDate "2017.08.02"]
[EventType "swiss"]
[EventRounds "9"]
[EventCountry "AUT"]
[SourceTitle "CBM 180 Extra"]
[Source "ChessBase"]
[SourceDate "2017.10.06"]
[SourceVersion "1"]
[SourceVersionDate "2017.10.06"]
[SourceQuality "1"]

1. Nf3 d5 2. c4 Nf6 3. e3 g6 4. Nc3 Bg7 5. d4 0-0 6. cxd5 Nxd5 7. g3 c5 8. Bg2 Nc6 9. 0-0 cxd4 10. exd4 Bg4 11. Be3 Rc8 12. Rc1 Qd7 13. Qd2 Nxc3 14. bxc3 Rfd8 15. Rfd1 Na5 16. Qe2 Nc4 17. Qf1 Qa4 18. Qe2 e5 19. h3 Bf5 20. dxe5 Nxe5 21. Nxe5 Bxe5 22. Rxd8+ Rxd8 23. g4 Bd3 24. Qb2 b6 25. Qb3 Qc4 26. Rd1 Rc8 27. Qxc4 Bxc4 28. Rd7 Bxc3 29. Rxa7 Ba5 30. Rb7 Bxa2 31. Bxb6 Bd2 32. Rc7 Rxc7 33. Bxc7 1/2-1/2

[Event "GER-ch U12"]
[Site "Willingen"]
[Date "2017.06.09"]
[Round "10"]
[White "Musiolik, David"]
[Black "Bress, Aaron"]
[Result "1-0"]
[WhiteElo "2004"]
[BlackElo "1688"]
[PlyCount "52"]
[EventDate "2017.06.04"]
[EventType "swiss"]
[EventRounds "11"]
[EventCountry "GER"]
[SourceTitle "CBM 178 Extra"]
[Source "ChessBase"]
[SourceDate "2017.06.22"]
[SourceVersion "1"]
[SourceVersionDate "2017.06.22"]
[SourceQuality "1"]

1. e4 c5 2. Nf3 e6 3. d4 cxd4 4. Nxd4 Nf6 5. Nc3 Bb4 6. Bd3 Nc6 7. Nxc6 bxc6 8. e5 Nd5 9. Qg4 g6 10. 0-0 h5 11. Qg3 Nxc3 12. bxc3 h4 13. Qe3 Be7 14. Rb1 Qa5 15. c4 Ba6 16. Bd2 Qc7 17. Rb3 Rh5 18. Bc3 d6 19. exd6 Bxd6 20. Bxg6 Bxc4 21. Bxh5 Bxh2+ 22. Kh1 Bxf1 23. Qxe6+ Kf8 24. Qh6+ Ke7 25. Bf6+ Kd7 26. Bg4+ Kd6 1-0